000 03142nam0a2200457 4500
001 RU\NLR\BIBL_A\012877019
005 20250624211232.0
010 _a978-5-907505-81-0
_9300
021 _aRU
_b2022-44484
_9КН-П-3845
035 _a(RuMoRGB)011136511
035 _a(NLR Aleph) 012877019
090 _a12507445
_c12507445
100 _a20220829d2022 |||y0rusy50 ca
101 0 _arus
_atha
_aeng
102 _aRU
105 _ay|||z|||1||z|
181 1 _ai
_baxxe
182 1 _an
200 1 _aМатериалы чтений памяти Б. Н. Мельниченко и С. Е. Трифонова
_eсборник статей
_eдоклады международной научной конференция таиландоведов, [20-21 мая 2021 г.]
_fСанкт-Петербургский государственный университет, Восточный факультет
203 _aТекст
_bвизуальный
_cнепосредственный
210 _aСанкт-Петербург
_cИзд-во РХГА
_d2022
215 _a138 с.
_d21
300 _aЧасть текста англ., тайс.
320 _aБиблиогр. в конце ст.
330 _aСборник содержит статьи и тезисы докладов, представленных на Первой международной научной конференции таиландоведов Чтения памяти Б. Н. Мельниченко и С. Е. ТрифоноваЮ. Чтения проводились в Санкт-Петербургском государственном университете при поддержке Почетного Генерального Консульства Королевства Таиланд в г. Санкт-Петербурге. Доклады, представленные на Чтениях, затрагивали широкий круг вопросов, связанных с языками, историей, литературой и культурой Таиланда и Лаоса
600 1 _aМельниченко
_bБ. Н.
_f1935 - 2018
_gБорис Николаевич
_92555142
_3RU\NLR\AUTH\6601724544
600 1 _aТрифонов
_bС. Е.
_f1960 - 2019
_gСергей Евгеньевич
_92555144
_3RU\NLR\AUTH\6601724545
606 1 _aТайская филология
_jСъезды, совещания и т.п
_92554454
_3RU\NLR\AUTH\6601724238
607 _aТаиланд
_jСъезды, совещания и т.п
_xИстория
_9913241
_3RU\NLR\AUTH\6614269
675 _a94(593)(082)
_v4
686 1 _aЧ489.64(2Р)7-8Мельниченко
686 1 _aЧ489.64(2Р)7-8Трифонов
686 1 _aШ171.23я434
686 1 _aТ3(5Т)я431
710 1 2 _aЧтения памяти Б. Н. Мельниченко и С. Е. Трифонова
_eСанкт-Петербург
_f2021
_9809030
_3RU\NLR\AUTH\880571380
942 _cBOOK
980 _aNB